| 000 | 00391nam a22001697a 4500 | ||
|---|---|---|---|
| 003 | NUST - PNEC | ||
| 005 | 20170116181154.0 | ||
| 008 | 160107b xxu||||| |||| 00| 0 eng d | ||
| 020 | _a- | ||
| 040 | _cLIBRARY | ||
| 082 | _a623.87 AKI | ||
| 100 |
_915731 _aAkimov, P. |
||
| 245 |
_aMarine power plant _cP. Akimov |
||
| 250 | _a- | ||
| 650 |
_915732 _aPower Plant _xME |
||
| 942 |
_2ddc _cBK |
||
| 999 |
_c71106 _d71106 |
||